|
|
|
|
| LEADER |
00000nab a2200000 a 4500 |
| 001 |
vtls008834633 |
| 003 |
SK-MaSNL |
| 005 |
20260426083803.0 |
| 008 |
250505c2006 xo mr|p|||||||000 b|slo |
| 015 |
|
|
|a SNBRB2006/07
|2 snkbucl
|
| 035 |
|
|
|a urn:nbn:sk:snk-ab85ic
|
| 035 |
|
|
|a (urnnbn)urn:nbn:sk:snk:ar-006fvs
|
| 035 |
|
|
|a (uuid)602bbef9-e27a-44a4-bbf1-9f912120e25d
|
| 038 |
|
|
|a SNKBUCL
|
| 040 |
|
|
|a SNKBUCL
|b slo
|c SNKBUCL
|e AACR2
|
| 041 |
0 |
|
|a slo
|
| 044 |
|
|
|a xo
|c SK
|
| 080 |
|
|
|a 711.432:72
|x (437.6)
|2 2001
|
| 100 |
1 |
|
|a Svetko, Štefan,
|d 1926-2009
|4 aut
|
| 245 |
1 |
0 |
|a Zachovajme prírodnú a neopakovateľnú priestorovú hodnotu
|b problémy a návrhy riešení južného sektoru mesta Bratislava
|c Štefan Svetko
|
| 300 |
|
|
|b Obr.
|
| 650 |
0 |
7 |
|a urbanizmus
|2 SNKPH
|9 2925
|
| 650 |
0 |
7 |
|a architektúra
|2 SNKPH
|9 722
|
| 651 |
|
7 |
|a Bratislava (Slovensko)
|2 SNKPHgeo
|9 14568
|
| 773 |
0 |
|
|t Fórum architektúry
|g Roč. XVI, č. 7-8 (2006), s.
|x 1336-0264
|
| 850 |
|
|
|a Slovenská národná knižnica
|
| 852 |
|
|
|a Slovenská národná knižnica
|
| 954 |
|
|
|a odborná, vedecká literatúra pôvodná (slovenská)
|2 lita
|
| 958 |
|
|
|a article9
|
| 958 |
|
|
|a OND
|
| 958 |
|
|
|a SK
|
| 958 |
|
|
|a EUIPO
|
| 999 |
|
|
|c 2914902
|d 2916832
|